Jestem

Bibliographic Details
Main Author: Lubart-Krzysica, Jacek, 1942- (Author)
Format: Book
Language:Polish
Published: Kraków Oficyna Konfraterni Poetów - 1986 Wydawnictwo i Drukarnia Towarzystwa Słowaków w Polsce 2016
Edition:1. wyd.
Series:Seria Jubileuszowa XXX-lecia Konfraterni Poetów
Subjects:

MARC

LEADER 00000nam a2200000 a 4500
001 vtls011623101
003 SK-MaSNL
005 20260302052929.0
008 251104s2016 pl g 000 p pol
015 |a SNBZSA2017/06 
020 |a 9788363653019  |q (brožované) 
020 |a 9788374908641  |q (brožované) 
035 |a urn:nbn:sk:snk-am00cxqv 
035 |a urn:nbn:sk:snk-am3heqv 
035 |a 9DEA7788-C45B-4729-A524-0202D5BD1075 
040 |a SNK  |b slo  |c SNK  |e AACR2 
041 0 |a pol 
044 |a pl  |c PL 
072 7 |a 821.162.1  |x Poľská literatúra  |2 konspekt 
080 |a 821.162.1-1  |2 2011 
100 1 |a Lubart-Krzysica, Jacek,  |d 1942-  |4 aut  |9 136572 
245 1 0 |a Jestem  |c Jacek Lubart-Krzysica 
250 |a 1. wyd. 
260 |a Kraków  |b Oficyna Konfraterni Poetów - 1986  |b Wydawnictwo i Drukarnia Towarzystwa Słowaków w Polsce  |c 2016 
300 |a 107 s.  |c 17 cm 
366 |e 1000 výtl. 
490 1 |a Seria Jubileuszowa XXX-lecia Konfraterni Poetów 
655 7 |a poľská poézia  |2 SNKPH  |9 70590 
655 7 |a Polish poetry  |2 SNKPHeng  |9 331284 
830 0 |a Seria Jubileuszowa XXX-lecia Konfraterni Poetów  |9 354677 
919 |a 978-83-63653-01-9 
919 |a 978-83-7490-864-1 
958 |a ZS 
958 |a NB 
999 |c 1107321  |d 1109251 
952 |a SNK  |b SNK  |y PREZ  |7 0  |p 17A1258716  |o snkSD 86299  |i snk2017/11940  |8 2  |g 2.50  |0 0  |1 0  |4 0  |d 2017-04-10  |f 1  |l 0  |r 2026-02-24 17:50:02  |w 2026-02-24 
952 |a SNK  |b SNK  |y VYP  |7 0  |p 17A1271458  |o snkSD 86299 D1  |i snk2017/19736  |8 2  |g 2.50  |0 0  |1 0  |4 0  |d 2017-04-12  |l 0  |r 2026-02-24 17:50:02  |w 2026-02-24